|
|
|
|
| LEADER |
00000nam a22000007a 4500 |
| 005 |
20130710132644.0 |
| 007 |
cr|||| |||| |
| 008 |
130710s2013 mx |||||s|||| 00||0|spa d |
| 035 |
|
|
|a 11350
|
| 040 |
|
|
|a vLex
|
| 090 |
|
|
|c 4406
|d 4406
|
| 100 |
1 |
|
|a Martn̕ez Alavez, Abraham
|
| 245 |
1 |
0 |
|a Derecho agrario Mexicano. Derecho sustantivo
|h [Recurso electrn̤ico] /
|c Abraham Martn̕ez Alavez
|
| 256 |
|
|
|a Servicio en ln̕ea
|
| 260 |
|
|
|a Mx̌ico D.F:
|b Jurd̕ica de las Americas,
|c 2013
|
| 300 |
|
|
|a 1 recurso electrn̤ico
|
| 506 |
1 |
|
|a Contenido solo disponible en los productos indicados
|d vLex Global
|d vLex Global (Academic Edition, excluding Law Schools)
|d vLex Global (U.S. Academic Edition, Law Schools)
|d vLex Global (U.S. Academic Edition, excluding Law Schools)
|d vLex Global (Academic Edition, Law Schools)
|
| 650 |
0 |
4 |
|a Derecho agrario
|z Mx̌ico
|
| 740 |
0 |
|
|a vLex Libros (Servicio enl n̕ea)
|
| 856 |
4 |
0 |
|u http://vlex.com/source/derecho-agrario-mexicano-derecho-sustantivo-11350
|z Acceso restringido
|
| 942 |
|
|
|c BOOK
|
| 999 |
0 |
|
|a Farm Law
|